Statistics for Carroll O'Connor Filmography

Click here to take the quiz!

General Stats

  • This quiz has been taken 6 times
    (3 since last reset)
  • The average score is 4 of 120

Answer Stats

TypeYearName% Correct
TV Show1968-1979All in the Family
67%
TV Show1979-1983Archie Bunker's Place
67%
TV Show1988-1995In the Heat of the Night
67%
Documentary Series2001Biography
33%
TV Show1963Bonanza
33%
TV Show1982Gloria
33%
TV Show1966, 1967Gunsmoke
33%
TV Show1996, 1997, 1999Mad About You
33%
TV Show1996Party of Five
33%
TV Show1966The Wild Wild West
33%
TV Film199936 Hours to Die
0%
Film1978A Different Approach
0%
TV Show1960Adventures in Paradise
0%
Film1961A Fever in the Blood
0%
TV Show1963Alcoa Premiere
0%
TV Special1991All in the Family: 20th Anniversary Special
0%
TV Documentary1977An All-Star Tribute to Elizabeth Taylor
0%
TV Show1960-1961Armstrong Circle Theatre
0%
TV Film1962Belle Sommers
0%
TV Show1962, 1965Ben Casey
0%
TV Show1981Bill Moyers Journal
0%
TV Show1964, 1966Bob Hope Presents the Chrysler Theatre
0%
TV Film1985Brass
0%
Theater1983Brothers
0%
Documentary2000Bruce Lee: A Warrior's Journey
0%
Film1961By Love Possessed
0%
TV Documentary2001Carroll O'Connor: All in a Lifetime
0%
TV Special1973Carroll O'Connor Special
0%
Documentary Mini-Series1978CBS: On the Air
0%
Film1963Cleopatra
0%
TV Film1986Convicted
0%
Film1969Death of a Gunfighter
0%
TV Show1963Death Valley Days
0%
Film1971Doctors' Wives
0%
TV Show1962, 1965Dr. Kildare
0%
TV Show1967Dundee and the Culhane
0%
TV Show1963East Side/West Side
0%
Documentary Series2000E! True Hollywood Story
0%
TV Film1969Fear No Evil
0%
Film1968For Love of Ivy
0%
Film1998Gideon
0%
Film1966Hawaii
0%
Theater1985Home Front
0%
Film1965In Harm's Way
0%
TV Documentary2002Inside TV Land: African Americans in Television
0%
TV Show1967, 1970Insight
0%
Documentary Series2000Intimate Portrait
0%
TV Show1966I Spy
0%
TV Short1968Justice for All
0%
Film1970Kelly's Heroes
0%
Film1962Lad: A Dog
0%
Film1974Law and Disorder
0%
Film1962Lonely Are the Brave
0%
Film1969Marlowe
0%
TV Show1967Mission: Impossible
0%
TV Show1962Naked City
0%
TV Film1964Nightmare in Chicago
0%
Film1966Not with My Wife, You Don't!
0%
TV Film1972Of Thee I Sing
0%
Film1961Parrish
0%
TV Show1961Play of the Week
0%
Film1967Point Blank
0%
TV Show1968Premiere
0%
Documentary Series1965Profiles in Courage
0%
Film2000Return to Me
0%
TV Film1969Ride a Northbound Horse
0%
TV Show1971Rowan & Martin's Laugh-In
0%
TV Show1975Sammy and Company
0%
TV Show1976Saturday Night Live
0%
Film1956Shakespeare's 'Julius Caesar'
0%
TV Show1960Shirley Temple's Storybook
0%
TV Show1965Slattery's People
0%
TV Show1963Stoney Burke
0%
TV Show1960Sunday Showcase
0%
TV Show1967That Girl
0%
Award Show1978The 30th Annual Primetime Emmy Awards
0%
Award Show2001The 53rd Annual Primetime Emmy Awards
0%
Award Show2002The 74th Annual aAcademy Awards
0%
TV Show1972The ABC Comedy Hour
0%
TV Show1961The Americans
0%
TV Show1961The Aquanauts
0%
Theater1959The Big Knife
0%
TV Film1960The Citadel
0%
TV Show1971, 1973The Dean Martin Show
0%
TV Show1962, 1963The Defenders
0%
Film1958The Defiant Ones
0%
Film1968The Devil's Brigade
0%
TV Show1976The Dick Cavett Show
0%
TV Show1962, 1963The Dick Powell Show
0%
TV Show1963The DuPont Show of the Week
0%
TV Show1972The Electric Company
0%
TV Film1987The Father Clements Story
0%
TV Show1964The Fugitive
0%
TV Film1985The GLO Friends Save Christmas
0%
TV Show1969, 1970The Governor & J.J.
0%
TV Show1963, 1964The Great Adventure
0%
TV Pilot1961The Insider
0%
TV Show1977The Jacksons
0%
TV Film1977The Last Hurrah
0%
TV Show1964The Man from U.N.C.L.E.
0%
TV Show1975-1980The Mike Douglas Show
0%
TV Show1964The Outer Limits
0%
TV Show1986The Redd Foxx Show
0%
TV Show1998The Rosie O'Donnell Show
0%
TV Mini-Series1960The Sacco-Vanzetti Story
0%
TV Film1963The Silver Burro
0%
TV Show1971, 1972The Sonny & Cher Comedy Hour
0%
TV Show1966The Time Tunnel
0%
TV Show1972-1975The Tonight Show Starring Johnny Carson
0%
TV Special1973The TV Comedy Years
0%
TV Show1960The United States Steel Hour
0%
TV Show1961, 1962The Untouchables
0%
TV Film1951The Whiteheaded Boy
0%
TV Film1964The Yellowbird
0%
Documentary Series1972This Is Your Life
0%
Theater1958Ulysses in Nighttown
0%
TV Show1964Voyage to the Bottom of the Sea
0%
Film1967Warning Shot
0%
Film1967Waterhole #3
0%
Film1966What Did You Do in the War, Daddy?
0%

Score Distribution

Percentile by Number Answered

Percent of People with Each Score

Your Score History

You have not taken this quiz since the last reset